Ways to tell if someones a hipster Quiz Stats

Quiz not verified by Sporcle

Challenge
Share
Tweet
http://www.google.com/url?sa=i&rct=j&q=tattoo+infinity+symbol&source=images&cd=&cad=rja&docid=egWIVRSYyCAv6M&tbnid=dThlW40ga7v3-M:&ved=0CAUQjRw&url=http%3A%2F%2Fmomtattoos.blogspot.com%2F2012%2F05%2Fbest-infinity-tattoo-inspired-gallery.html&ei=FJ1UUeGlFpLU9ATY_IDwCw&bvm=bv.44442042,d.eWU&psig=AFQjCNEGhx5Q-6z3U1Mj71GheuaQXM3ScQ&ust=1364586116832971
Score 0/20 Timer 02:00
0 Plays Today
Hint Answer % Correct
4.20weed
69.2%
piercingsgauges
46.2%
shoestoms
46.2%
piercingsseptum
26.9%
flys around the worldbirds
15.4%
**** bandimagine dragons
15.4%
hair colorGinger
15.4%
hipster namelauren
15.4%
cinema3D glasses
11.5%
patternfloral
11.5%
Hint Answer % Correct
hair on faceBeards & moustache
7.7%
worthless tattooinfinity symbol
7.7%
personality typeannoying
7.7%
theme songharlem shake
7.7%
likes this too muchporn blogs
7.7%
you're not a hipster if you don't have a tumblr
7.7%
pretends to likeanime
7.7%
school clubtheater
7.7%
tv showadventure time
7.7%
phrase I knew that before it was cool
3.8%

You're not logged in!

Compare scores with friends on all Sporcle quizzes.
Join for Free
OR
Log In

You Might Also Like...

Show Comments

Extras

Created Mar 28, 2013ReportNominate
Tags:Nintendo Quiz, bird, funny

Top Quizzes Today


Score Distribution

Your Account Isn't Verified!

In order to create a playlist on Sporcle, you need to verify the email address you used during registration. Go to your Sporcle Settings to finish the process.

Report this User

Report this user for behavior that violates our Community Guidelines.

Details: